000 00413nam a2200181Ia 4500
003 OSt
005 20220625124008.0
008 210210b1946 xxu||||| |||| 00| 0 eng d
040 _cAL
041 _aeng
082 _a954/288
100 _aNEHRU (Javaharlal)
_945297
245 _aDiscovery of India
260 _aCalcutta
_b-
_c1946
690 _aIndian History
_945298
906 _a026048
942 _2ddc
_cBK
999 _c151976
_d151976